Tự học Autocad structural detailing bằng hình ảnh (bê tông cốt thép)

Nội dung cuốn sách giới thiêu và cài đặt AutoCAD structural detailing trong việc thiết kế, kết cấu chi tiết dầm, cột, móng, sàn, cầu thang của các công trình xây dựng. Cẩm nang cho người tự học AutoCAD.

محفوظ في:
التفاصيل البيبلوغرافية
المؤلف الرئيسي: Lê, Thanh Nhật
التنسيق: كتاب
اللغة:Undetermined
منشور في: Hà Nội Từ điển Bách khoa 2014
الموضوعات:
الوسوم: إضافة وسم
لا توجد وسوم, كن أول من يضع وسما على هذه التسجيلة!
Thư viện lưu trữ: Trung tâm Học liệu Trường Đại học Cần Thơ
LEADER 01100nam a2200217Ia 4500
001 CTU_161569
008 210402s9999 xx 000 0 und d
020 |c 90000 
082 |a 624.18210285 
082 |b Nh124 
100 |a Lê, Thanh Nhật 
245 0 |a Tự học Autocad structural detailing bằng hình ảnh (bê tông cốt thép) 
245 0 |c Lê Thanh Nhật, Phạm Quang Hiển 
260 |a Hà Nội 
260 |b Từ điển Bách khoa 
260 |c 2014 
520 |a Nội dung cuốn sách giới thiêu và cài đặt AutoCAD structural detailing trong việc thiết kế, kết cấu chi tiết dầm, cột, móng, sàn, cầu thang của các công trình xây dựng. Cẩm nang cho người tự học AutoCAD. 
650 |a Steel, Structural,AutoCAD,Kết cấu thép,AutoCAD 
650 |x Design and construction,Laboratory manuals,Thiết kế và xây dựng,Hướng dẫn thí nghiệm 
904 |i Qhieu 
980 |a Trung tâm Học liệu Trường Đại học Cần Thơ